Javaslatok, vélemények A DEFAG munkásküldötteinek megbeszélése Szegeden /

Elmentve itt :
Bibliográfiai részletek
Szerző: Bálint Ibolya
Dokumentumtípus: Cikk
Megjelent: 1976-03-10
Sorozat:Délmagyarország 66 No. 59
Kulcsszavak:faipar
Online Access:http://dmarchiv.bibl.u-szeged.hu/106076
LEADER 00494nab a2200157 i 4500
001 delm106076
005 20190506141030.0
008 190506s1976 hu o 0|| hun d
040 |a SZTE Délmagyarország Archívum  |b hun 
041 |a hun 
100 1 |a Bálint Ibolya 
245 1 0 |a Javaslatok, vélemények   |h [elektronikus dokumentum] :  |b A DEFAG munkásküldötteinek megbeszélése Szegeden /  |c  Bálint Ibolya 
260 |c 1976-03-10 
300 |a 1 
490 0 |a Délmagyarország  |v 66 No. 59 
695 |a faipar